000
00233nam a2200085Ia 4500
008
160617s9999 xx 000 0 und d
245
_a
Iranian Journal of Radiology
650
_a
RADIOLOGIC TECHNOLOGY
856
_u
http://iranjradiol.com/
999
_c
296046
_d
296046